000
00317pam a2200145 a 4500
020
_c
041
_h
100
_a
PHILIPS
_e
Author
245
_a
ENCYCLOPAEDIA 2005
_c
PHILIPS
_h
Textual Documents
260
_a
london
_b
Octopus Pub
300
_a
908
653
_a
Management
700
_e
Co-Author
930
_a
1300
999
_c
228701
_d
228701